| 000 | 00985cab a2200229 4500 | ||
|---|---|---|---|
| 001 | X3908 | ||
| 008 | 090401t1997 xxu||||| |||| 00| 0 eng d | ||
| 035 | _a(Sirsi) u33694 | ||
| 041 | _aeng | ||
| 245 | _aLewes DC and Church of Jesus Christ of Latter Day Saints | ||
| 260 | _c1997 | ||
| 350 | _a0 | ||
| 490 |
_aPlanning Appeal Decisions _v[1997] 12 PAD 101-107(8) |
||
| 520 | _aOutline application - religious meeting house - traffic - effect on rural locality - noise and disturbance - neighbours living conditions - poor public transport - capacity and occupancy of building - pressure on housing - conditions. Costs - council not following officer`s advice - no evidence of harm from proposal - mere assertion - costs awarded. | ||
| 650 | _aLEWES DC AND CHURCH OF JESUS OF LATTER DAY SAINTS | ||
| 650 | _aNOISE | ||
| 650 | _aOUTLINE APPLICATION | ||
| 650 | _aRELIGIOUS MEETING HOUSE | ||
| 690 | _aPLANNING LAW AND PRACTICE-CASE LAW | ||
| 942 | _n0 | ||
| 948 | _c04/03/1997 | ||
| 999 |
_c22464 _d22464 |
||